000 00393nam a2200145Ia 4500
008 230917s9999||||xx |||||||||||||| ||und||
040 _e12389
_aMAIN
041 _aEnglish
082 _a301.44420947 L24S
100 _aLane, David
245 0 _aSoviet industrial worker: Social class education and control
260 _aOxford
_bMartin Robertson
_c1978
300 _axi,161 p.
942 _cBK
999 _c194710
_d194710